<?xml version="1.0" encoding="UTF-8"?>
<record
    xmlns:xsi="http://www.w3.org/2001/XMLSchema-instance"
    xsi:schemaLocation="http://www.loc.gov/MARC21/slim http://www.loc.gov/standards/marcxml/schema/MARC21slim.xsd"
    xmlns="http://www.loc.gov/MARC21/slim">

  <leader>02577    a2200265   4500</leader>
  <controlfield tag="001">46087</controlfield>
  <controlfield tag="005">20260407155734.0</controlfield>
  <controlfield tag="008">260407a2014    arg                 spa d</controlfield>
  <controlfield tag="003">AR-UNSa-BCEJYS</controlfield>
  <datafield tag="040" ind1=" " ind2=" ">
    <subfield code="a">AR-UNSa-BCEJYS</subfield>
    <subfield code="b">spa</subfield>
    <subfield code="c">AR-UNSa-BCEJYS</subfield>
  </datafield>
  <datafield tag="080" ind1=" " ind2=" ">
    <subfield code="a">314.17</subfield>
    <subfield code="x">Factores de los fen&#xF3;menos demogr&#xE1;ficos y sus efectos en el desarrollo social y econ&#xF3;mico</subfield>
  </datafield>
  <datafield tag="245" ind1="1" ind2="0">
    <subfield code="a">Cairo+20</subfield>
    <subfield code="p">perspectiva de la agenda de poblaci&#xF3;n y desarrollo sostenible despu&#xE9;s de 2014</subfield>
  </datafield>
  <datafield tag="020" ind1=" " ind2=" ">
    <subfield code="a">978-85-62016-19-6</subfield>
  </datafield>
  <datafield tag="264" ind1=" " ind2="1">
    <subfield code="a">R&#xED;o de Janeiro :</subfield>
    <subfield code="b">ALAP(Asociaci&#xF3;n latinoamericana de Poblaci&#xF3;n)</subfield>
    <subfield code="c">2014</subfield>
  </datafield>
  <datafield tag="300" ind1=" " ind2=" ">
    <subfield code="a">302 p.</subfield>
    <subfield code="c">22 cm.</subfield>
  </datafield>
  <datafield tag="505" ind1=" " ind2=" ">
    <subfield code="a">1. As posi&#xE7;&#xF5;es da OMS nas confer&#xEA;ncias de popula&#xE7;&#xE2;o da ONU nos &#xFA;ltimos 50 a&#xF1;os / Elza Berqu&#xF3; &#x2013; 2. Legados do Cairo: para al&#xE9;m da &#x201C;mesmice&#x201D;? / Sonia Corr&#xEA;a &#x2013; 3. Logros y retos de la agenda de poblaci&#xF3;n y desarrollo en Am&#xE9;rica Latina y el Caribe dos d&#xE9;cadas despu&#xE9;s de El Cairo / Juan Jos&#xE9; Calvo &#x2013; 4. Popul&#xE7;&#xE2;o e desenvolvimiento / Ricardo Paes de Barros, Diana Coutinho e Rosane Mendon&#xE7;a &#x2013; 5. As pol&#xED;ticas de desenvolvimiento socialo e combate &#xE1; fome e seus efeitos sociodemogr&#xE1;ficos no Brasil: experi&#xEA;ncias para fortalecimiento da agenda da CIPD / Paulo de Martino Jannuzzi &#x2013; 6. Reflexiones en torno a una agenda de poblaci&#xF3;n y desarrollo m&#xE1;s all&#xE1; de 2014: principios inalterados, realidades novedosas / Rogelio Fern&#xE1;ndez Castilla &#x2013; 7. A din&#xE2;mica populacional e a agenda de popula&#xE7;&#xE3;o e desenvolvimento sustent&#xE1;vel / Suzana Cavenaghi &#x2013; 8. Mortalidade juvenil na Am&#xE9;rica Latina : evid&#xEA;ncias demogr&#xE1;ficas e desafios pol&#xED;ticos / Joice Melo Vieira e Tirza Aidar &#x2013; 9. El auge de la cohabitaci&#xF3;n y otras transformaciones familiares en Am&#xE9;rica Latina, 1970-2010 / Antonio L&#xF3;pez-Gay y Albert Esteve &#x2013; 10. Las desigualdades socioecon&#xF3;micas de la desnutrici&#xF3;n infantil cr&#xF3;nica en Am&#xE9;rica Latina y el Caribe / V&#xED;ctor Arocena Canazas &#x2013; 11. De vuelta al futuro : la din&#xE1;mica demogr&#xE1;fica prevista en El Cairo para 2014 / Laura L. Rodriguez Wong, Juliana Vasconcelos S. Barros y Gabriela M. O. Bonifacio &#x2013; 12. Diferenciais  no acesso e uso de m&#xE9;todos contraceptivos modernos : Col&#xF4;mbia, Per&#xFA; e Honduras / Andr&#xE9; Junqueira Caetano.</subfield>
  </datafield>
  <datafield tag="041" ind1=" " ind2=" ">
    <subfield code="a">spa</subfield>
  </datafield>
  <datafield tag="942" ind1=" " ind2=" ">
    <subfield code="c">BK</subfield>
  </datafield>
  <datafield tag="590" ind1=" " ind2=" ">
    <subfield code="a">niveau_biblio:m niveau_hierar:0</subfield>
  </datafield>
  <datafield tag="100" ind1="1" ind2=" ">
    <subfield code="a">Diniz Alves, Jos&#xE9; Eust&#xE1;quio</subfield>
  </datafield>
  <datafield tag="700" ind1="1" ind2=" ">
    <subfield code="a">Rodr&#xED;guez Wong, Laura</subfield>
  </datafield>
  <datafield tag="700" ind1="1" ind2=" ">
    <subfield code="a">Rodr&#xED;guez Vignoli, Jorge</subfield>
  </datafield>
  <datafield tag="700" ind1="1" ind2=" ">
    <subfield code="a">Maldonado Turra, C&#xE1;ssio</subfield>
  </datafield>
  <datafield tag="856" ind1="4" ind2="1">
    <subfield code="u">https://www.biblioeco.unsa.edu.ar/pmb/images/libros/L127324.jpg</subfield>
    <subfield code="y">Imagen de portada</subfield>
    <subfield code="q">image/jpeg</subfield>
  </datafield>
  <datafield tag="999" ind1=" " ind2=" ">
    <subfield code="c">4152</subfield>
    <subfield code="d">4152</subfield>
  </datafield>
  <datafield tag="952" ind1=" " ind2=" ">
    <subfield code="0">0</subfield>
    <subfield code="1">0</subfield>
    <subfield code="4">0</subfield>
    <subfield code="7">0</subfield>
    <subfield code="a">BCEJYS</subfield>
    <subfield code="b">BCEJYS</subfield>
    <subfield code="c">16</subfield>
    <subfield code="d">2026-04-07</subfield>
    <subfield code="l">0</subfield>
    <subfield code="o">314.17 C136</subfield>
    <subfield code="p">L127324</subfield>
    <subfield code="r">2026-04-07 15:57:34</subfield>
    <subfield code="w">2026-04-07</subfield>
    <subfield code="y">L</subfield>
  </datafield>
</record>
